00509nam a2200169 a 4500001000500000005001700005008004100022020001800063050001700081100001900098245008800117260003700205300002200242440002500264650002400289650002600313001320140414131912.0040726s19uu xx 00 eng d a1-56987-190-6 aERbD28 1994 aGriffin, Sunny aDavid and the very scary giant /cby Sunny Griffin ; illustrated by Donna Lee Hill. aAshland, Ohio :bLandoll,c1994. a1 v. : ill. ; cm. aLittle Landoll Books aBible storiesxO.T. aBible characterxO.T.